[Event "EU-ch U12"]
[Site "Bratislava"]
[Date "2019.08.09"]
[Round "8"]
[White "Kisic, Dusan"]
[Black "Havalda, Samuel"]
[Result "1-0"]
[WhiteElo "1642"]
[BlackElo "1494"]
[PlyCount "97"]
[EventDate "2019.08.02"]
[EventType "swiss"]
[EventRounds "9"]
[EventCountry "SVK"]
[SourceTitle "EXT 2020"]
[Source "ChessBase"]
[SourceDate "2019.10.17"]
[SourceVersion "1"]
[SourceVersionDate "2019.10.17"]
[SourceQuality "1"]

1. e4 e5 2. Nf3 Nc6 3. d4 exd4 4. Bc4 Nf6 5. e5 d5 6. Bb5 Ne4 7. Nxd4 Bd7 8. Bxc6 bxc6 9. 0-0 Bc5 10. Be3 Bb6 11. Nd2 Nxd2 12. Qxd2 c5 13. Nb3 d4 14. Bg5 Qc8 15. c3 Be6 16. cxd4 Bxb3 17. axb3 cxd4 18. Qb4 c5 19. Qb5+ Qd7 20. Qxb6 h6 21. Qxc5 hxg5 22. Rfd1 Rc8 23. Qxd4 Qxd4 24. Rxd4 Rc2 25. Rc4 Rxc4 26. bxc4 0-0 27. Rxa7 Rb8 28. Ra2 Rb4 29. Ra8+ Kh7 30. Rc8 Rxb2 31. g4 Re2 32. Rc5 f6 33. exf6 gxf6 34. Kg2 Rc2 35. Kg3 Rc3+ 36. f3 Rc2 37. h4 gxh4+ 38. Kxh4 Rc3 39. Kg3 Kg7 40. Kf4 Kh7 41. Rc7+ Kg6 42. Rc6 Kg7 43. Ke4 Rc1 44. Kf5 Rc3 45. f4 Ra3 46. c5 Rc3 47. Rc7+ Kh8 48. g5 fxg5 49. fxg5 1-0

[Event "EU-ch U12"]
[Site "Bratislava"]
[Date "2019.08.05"]
[Round "4"]
[White "Kisic, Dusan"]
[Black "Eliseev, Sergey1111"]
[Result "1/2-1/2"]
[WhiteElo "1642"]
[BlackElo "1922"]
[PlyCount "136"]
[EventDate "2019.08.02"]
[EventType "swiss"]
[EventRounds "9"]
[EventCountry "SVK"]
[SourceTitle "EXT 2020"]
[Source "ChessBase"]
[SourceDate "2019.10.17"]
[SourceVersion "1"]
[SourceVersionDate "2019.10.17"]
[SourceQuality "1"]

1. e4 c5 2. Nf3 d6 3. d4 cxd4 4. Nxd4 Nc6 5. Nc3 Nf6 6. Be2 e5 7. Nb3 Be7 8. 0-0 0-0 9. Be3 a5 10. Nd2 Rb8 11. a4 Be6 12. Nc4 b6 13. f3 Nd4 14. Bxd4 exd4 15. Nb5 Bxc4 16. Bxc4 d5 17. exd5 Nxd5 18. Bxd5 Qxd5 19. Kh1 Rbd8 20. Qd3 Bf6 21. Rad1 Rd7 22. Rfe1 Rfd8 23. c3 g6 24. c4 Qc5 25. Re4 Kg7 26. g3 h5 27. Kg2 Re7 28. Rde1 Qf5 29. Qd2 Rxe4 30. fxe4 Qe5 31. Qd3 h4 32. Rf1 hxg3 33. hxg3 Rh8 34. Rh1 Re8 35. Kf3 g5 36. Re1 Rh8 37. Kg2 g4 38. Rh1 Rxh1 39. Kxh1 Qg5 40. Kg2 Qe3 41. Qxe3 dxe3 42. Nd6 Bxb2 43. Nf5+ Kf6 44. Nxe3 Ke5 45. c5 bxc5 46. Nc4+ Kxe4 47. Nxb2 Kd4 48. Kf2 Kc3 49. Nd1+ Kb3 50. Ke3 Kxa4 51. Kd2 Kb3 52. Kc1 a4 53. Ne3 c4 54. Nxg4 a3 55. Ne3 a2 56. Nc2 f5 57. Na1+ Kc3 58. Nc2 Kd3 59. Nb4+ Ke3 60. Nxa2 Kf3 61. Nc3 Kxg3 62. Nd5 Kf3 63. Kc2 Ke4 64. Nf6+ Ke3 65. Nh5 Kd4 66. Kd2 Kd5 67. Kc3 Kc5 68. Nf4 Kd6 1/2-1/2

[Event "EU-ch U12"]
[Site "Bratislava"]
[Date "2019.08.03"]
[Round "2"]
[White "Kisic, Dusan"]
[Black "Tornaritis, Kriton"]
[Result "1-0"]
[WhiteElo "1642"]
[BlackElo "1196"]
[PlyCount "55"]
[EventDate "2019.08.02"]
[EventType "swiss"]
[EventRounds "9"]
[EventCountry "SVK"]
[SourceTitle "EXT 2020"]
[Source "ChessBase"]
[SourceDate "2019.10.17"]
[SourceVersion "1"]
[SourceVersionDate "2019.10.17"]
[SourceQuality "1"]

1. e4 e5 2. Nf3 Nc6 3. d4 exd4 4. Bc4 Bc5 5. 0-0 d6 6. c3 dxc3 7. Nxc3 Bg4 8. h3 Bh5 9. Be2 Nf6 10. Bg5 h6 11. Bh4 Bg6 12. Bc4 0-0 13. Re1 Ne5 14. Nxe5 dxe5 15. Nd5 Be7 16. Nxe7+ Qxe7 17. Qb3 Rab8 18. Rad1 Rfd8 19. Rxd8+ Qxd8 20. Qg3 Qd6 21. Qxg6 Rf8 22. Bxf6 Qxf6 23. Qxf6 gxf6 24. Rd1 Kg7 25. Rd7 b6 26. Rxc7 Rd8 27. Rxf7+ Kh8 28. Rxf6 1-0